[Event "Asker SK Club Ch Group Master"]
[Site "Asker NOR"]
[Date "2001.05.07"]
[EventDate "2001.01.15"]
[Round "8"]
[Result "1/2-1/2"]
[White "Stein Nygaard"]
[Black "Magnus Carlsen"]
[WhiteElo "1800"]
[BlackElo "2064"]
[PlyCount "49"]

1. Nf3 f5 2. c4 Nf6 3. Nc3 e6 4. g3 Bb4 5. Bg2 Bxc3 6. bxc3
O-O 7. d3 d6 8. Qc2 e5 9. c5 e4 10. Nd2 d5 11. O-O Qe7 12. Nb3
Nbd7 13. a4 c6 14. c4 Re8 15. cxd5 Nxd5 16. e3 N7f6 17. Bb2
Be6 18. dxe4 fxe4 19. Bxf6 Nxf6 20. Nd4 Bd5 21. Rab1 Rab8
22. Nf5 Qe5 23. Nd6 Re7 24. Rb4 b6 25. Nc4 1/2-1/2

[Event "Asker SK Club Ch Group Master"]
[Site "Asker NOR"]
[Date "2001.05.14"]
[EventDate "2001.01.15"]
[Round "9"]
[Result "1-0"]
[White "Magnus Carlsen"]
[Black "Torstein Hall"]
[WhiteElo "2064"]
[BlackElo "1688"]
[PlyCount "75"]

1. e4 d6 2. d4 Nf6 3. f3 e5 4. dxe5 dxe5 5. Qxd8+ Kxd8 6. Bc4
Be6 7. Bxe6 fxe6 8. Nh3 Bc5 9. Nf2 Nc6 10. Nd3 Bb6 11. Na3 Ke7
12. Bg5 h6 13. Bh4 Ba5+ 14. c3 g5 15. Bg3 Nd7 16. Nc4 Bb6
17. Ndxe5 Ndxe5 18. Nxe5 Nxe5 19. Bxe5 Rhd8 20. Ke2 Kf7 21. h4
Kg6 22. hxg5 hxg5 23. Rh3 Rd7 24. Rah1 Rg8 25. Rh6+ Kf7
26. Rf6+ Ke8 27. Rxe6+ Kd8 28. Bf6+ Kc8 29. Rh8 Rxh8 30. Bxh8
Rh7 31. Be5 Rh1 32. Rg6 Rb1 33. c4 Rc1 34. Kd3 Ba5 35. Rxg5
Rd1+ 36. Kc2 Rd2+ 37. Kb3 a6 38. Bf4 1-0

[Event "Roenne SF 100th Anniversary"]
[Site "Bornholm DEN"]
[Date "2001.06.29"]
[EventDate "2001.06.24"]
[Round "8"]
[Result "1/2-1/2"]
[White "Magnus Carlsen"]
[Black "Martin Baekgaard"]
[WhiteElo "2064"]
[BlackElo "2204"]
[PlyCount "102"]

1. e4 e6 2. d4 d5 3. Nd2 Be7 4. Ngf3 Nf6 5. Bd3 c5 6. dxc5
dxe4 7. Nxe4 Nxe4 8. Bxe4 Qxd1+ 9. Kxd1 Bxc5 10. Ke2 Nd7
11. Be3 Ke7 12. c4 a5 13. Bd2 Nf6 14. Bc2 b6 15. Rhd1 Bb7
16. Ba4 Rhd8 17. Rac1 Rac8 18. Bg5 h6 19. Be3 Bxe3 20. Kxe3
Rxd1 21. Bxd1 Ng4+ 22. Ke2 Bxf3+ 23. gxf3 Ne5 24. b3 Kd6
25. Rc2 Rc5 26. Ke3 Nc6 27. f4 g5 28. Rd2+ Ke7 29. fxg5 Re5+
30. Kf4 Rf5+ 31. Ke3 Re5+ 32. Kf4 Rxg5 33. Bf3 Nb4 34. a3 Na6
35. Bc6 Rc5 36. Rd7+ Kf6 37. Bb5 Nc7 38. a4 Nxb5 39. axb5 a4
40. bxa4 Rxc4+ 41. Kg3 Rxa4 42. Rd6 Ke5 43. Rxb6 Ra3+ 44. Kg2
Rb3 45. Rb8 Kf4 46. b6 f5 47. b7 e5 48. Rh8 Rxb7 49. Rxh6 Rg7+
50. Kf1 e4 51. Rh4+ Ke5 1/2-1/2

[Event "NOR Championship Group Junior"]
[Site "Kristiansund NOR"]
[Date "2001.07.08"]
[EventDate "2001.07.08"]
[Round "1"]
[Result "1/2-1/2"]
[White "Joshua Paul Schmidt"]
[Black "Magnus Carlsen"]
[WhiteElo "1467"]
[BlackElo "2084"]
[PlyCount "90"]

1. e4 c5 2. Nf3 d6 3. Bb5+ Bd7 4. Bxd7+ Nxd7 5. O-O Ngf6 6. d3
g6 7. Bg5 Bg7 8. c3 O-O 9. Nbd2 h6 10. Bh4 g5 11. Bg3 Nh5
12. h3 Nxg3 13. fxg3 Qb6 14. Nc4 Qc6 15. a4 d5 16. exd5 Qxd5
17. Qe2 e6 18. Rad1 Nb6 19. a5 Nd7 20. Nh2 Ne5 21. Ng4 Nxg4
22. Qxg4 f5 23. Qf3 Rad8 24. Rf2 f4 25. g4 Rfe8 26. Re2 Kf7
27. Qe4 Qxe4 28. Rxe4 Rd5 29. Kf2 Red8 30. Rde1 Rxd3 31. Rxe6
R8d7 32. Na3 Rd2+ 33. R6e2 Bf6 34. Nc4 Rxe2+ 35. Rxe2 Rd3
36. Rd2 Rxd2+ 37. Nxd2 Bd8 38. Nc4 Ke6 39. Ke2 Kd5 40. Kd3 b5
41. axb6 axb6 42. b3 Bc7 43. Nd2 b5 44. c4+ bxc4+ 45. bxc4+
Kd6 { [score sheet has 45... Kd3]} 1/2-1/2

[Event "NOR Championship Group Junior"]
[Site "Kristiansund NOR"]
[Date "2001.07.09"]
[EventDate "2001.07.08"]
[Round "3"]
[Result "1/2-1/2"]
[White "Thomas Nyland"]
[Black "Magnus Carlsen"]
[WhiteElo "1595"]
[BlackElo "2084"]
[PlyCount "139"]

1. e4 c5 2. Nf3 Nc6 3. d4 cxd4 4. Nxd4 g6 5. Nxc6 bxc6 6. Nc3
Bg7 7. Be3 d6 8. Bc4 Nf6 9. f3 O-O 10. Qd2 Rb8 11. Bh6 Rxb2
12. Bxg7 Kxg7 13. Bb3 e5 14. Na4 Rxb3 15. axb3 d5 16. exd5
cxd5 17. O-O Re8 18. Nc3 a6 19. Kh1 d4 20. Ne4 Nd5 21. Qa5 Qd7
22. Nc5 Qe7 23. Nxa6 Ne3 24. Rf2 Bb7 25. Qc7 Qh4 26. g3 Qe7
27. Qxe7 Rxe7 28. Nc5 Bd5 29. Kg1 f5 30. b4 e4 31. fxe4 fxe4
32. Rd2 Nf5 33. g4 Nh4 34. Re2 e3 35. Rf1 Nf3+ 36. Rxf3 Bxf3
37. Re1 Bxg4 38. Nb3 Rd7 39. Nc5 Rd5 40. Kg2 Rd6 41. b5 Bf5
42. Nd3 Rb6 43. Rb1 Bxd3 44. cxd3 Kf6 45. Kf3 Ke5 46. Ke2 Kd5
47. Rb4 h5 48. h4 Rb7 49. b6 Ke5 50. Rb5+ Kf4 51. Rb4 Kg3
52. Rxd4 Rxb6 53. Kxe3 Re6+ 54. Re4 Rxe4+ 55. dxe4 Kxh4
56. Kf4 g5+ 57. Kf5 g4 58. e5 g3 59. e6 g2 60. e7 g1=Q
61. e8=Q Qf2+ 62. Kg6 Qg3+ 63. Kh7 Qf4 64. Qe1+ Qg3 65. Qh1+
Kg4 66. Qe4+ Kh3 67. Qh1+ Kg4 68. Qe4+ Qf4 69. Qg2+ Kf5
70. Qg6+ 1/2-1/2

[Event "NOR Championship Group Junior"]
[Site "Kristiansund NOR"]
[Date "2001.07.11"]
[EventDate "2001.07.08"]
[Round "5"]
[Result "0-1"]
[White "Hakon Haugsrud"]
[Black "Magnus Carlsen"]
[WhiteElo "1399"]
[BlackElo "2084"]
[PlyCount "44"]

1. f4 Nf6 2. Nf3 g6 3. g3 Bg7 4. Bg2 O-O 5. O-O d5 6. d3 c5
7. Nc3 d4 8. Ne4 Nbd7 9. Qe1 e5 10. fxe5 Nxe4 11. dxe4 Nxe5
12. Bf4 Qe7 13. Nxe5 Bxe5 14. Bxe5 Qxe5 15. b3 Bd7 16. e3 Bc6
17. exd4 cxd4 18. Qe2 Bb5 19. Qd2 Bxf1 20. Rxf1 Rac8 21. Rd1
Qc5 22. Qxd4 Rfd8 0-1

[Event "NOR Championship Group Junior"]
[Site "Kristiansund NOR"]
[Date "2001.07.13"]
[EventDate "2001.07.08"]
[Round "8"]
[Result "1-0"]
[White "Magnus Carlsen"]
[Black "Brage Brakedal"]
[WhiteElo "2084"]
[BlackElo "983"]
[PlyCount "73"]

1. e4 c5 2. Nf3 e6 3. d4 cxd4 4. Nxd4 a6 5. Nc3 Qc7 6. Bd3 Nf6
7. O-O Be7 8. Be3 b5 9. a3 Bb7 10. f4 d6 11. Qe1 Nbd7 12. Qg3
h5 13. f5 e5 14. Nf3 Ng4 15. Bg5 Ngf6 16. Bh4 Rg8 17. Ng5 Rc8
18. Ne6 Qb6+ 19. Kh1 g6 20. Ng5 gxf5 21. Rxf5 Rg6 22. Raf1 b4
23. Nd5 Bxd5 24. exd5 bxa3 25. bxa3 Rc3 26. Qe1 Rxa3 27. Ne4
Qd8 28. Nxf6+ Nxf6 29. R5f2 Rxd3 30. cxd3 Nxd5 31. Bxe7 Kxe7
32. Rxf7+ Ke6 33. Qe4 Qg5 34. Ra7 h4 35. Qf3 Nf4 36. Rg1 Nh5
37. Qf7# 1-0

[Event "Asker SK Club Tourn Group Master"]
[Site "Asker NOR"]
[Date "2001.09.03"]
[EventDate "2001.09.03"]
[Round "1"]
[Result "0-1"]
[White "Neil Benn"]
[Black "Magnus Carlsen"]
[WhiteElo "1594"]
[BlackElo "2084"]
[PlyCount "98"]

1. d4 Nf6 2. c4 e6 3. Nf3 b6 4. a3 Bb7 5. Nc3 d5 6. Bg5 Be7
7. e3 O-O 8. Rc1 Ne4 9. Bf4 c5 10. Bd3 cxd4 11. exd4 Nxc3
12. Rxc3 dxc4 13. Bxc4 Nc6 14. O-O Bf6 15. Be5 Nxe5 16. Nxe5
Bxe5 17. dxe5 Qg5 18. Rg3 Qxe5 19. Qg4 Rad8 20. h4 g6 21. h5
Rd4 22. Qe2 Qxe2 23. Bxe2 Rd2 24. Bc4 Kg7 25. Rc1 Rc8 26. hxg6
hxg6 27. Rgc3 Rxb2 28. Bxe6 Rxc3 29. Rxc3 fxe6 30. Rc7+ Kf6
31. Rxb7 a5 32. a4 Rb4 33. g3 e5 34. Kg2 e4 35. Rb8 Kf5
36. Kh3 Ke5 37. Re8+ Kd6 38. Rb8 Kc5 39. Rc8+ Kd4 40. Rc6 Rxa4
41. Rxb6 Ra2 42. Rd6+ Ke5 43. Rxg6 Rxf2 44. g4 Rf3+ 45. Kh4 a4
46. Rg8 a3 47. Re8+ Kd4 48. Rd8+ Kc3 49. g5 a2 0-1

[Event "Asker SK Club Tourn Group Master"]
[Site "Asker NOR"]
[Date "2001.09.10"]
[EventDate "2001.09.03"]
[Round "2"]
[Result "0-1"]
[White "Rolf Rostad"]
[Black "Magnus Carlsen"]
[WhiteElo "1733"]
[BlackElo "2084"]
[PlyCount "50"]

1. e4 c5 2. Nf3 d6 3. d4 cxd4 4. Nxd4 Nf6 5. Nc3 a6 6. Bc4 e6
7. a3 Be7 8. Bg5 Nxe4 9. Bxe7 Nxc3 10. Bxd8 Nxd1 11. Bc7 Nxb2
12. Bb3 d5 13. Rb1 Nc4 14. Bxc4 dxc4 15. Rb6 Kd7 16. O-O Kxc7
17. Rfb1 Rd8 18. Nf3 Bd7 19. R6b4 b5 20. c3 Bc6 21. Nd4 e5
22. Nxc6 Kxc6 23. a4 Rd3 24. Rc1 Kc5 25. axb5 Rxc3 0-1

[Event "II Nordic Net Club Cup"]
[Site "ICC Internet"]
[Date "2001.09.15"]
[EventDate "2001.09.15"]
[Round "?"]
[Result "0-1"]
[White "Ingvar Asmundsson"]
[Black "Magnus Carlsen"]
[WhiteElo "2359"]
[BlackElo "2084"]
[PlyCount "94"]

1. e4 c5 2. Nf3 Nc6 3. Bb5 g6 4. O-O Bg7 5. c3 Nf6 6. Re1 O-O
7. Na3 d6 8. h3 Bd7 9. Nc2 Ne5 10. Be2 Nxe4 11. d4 cxd4
12. cxd4 Nc6 13. Bc4 Nf6 14. d5 Ne5 15. Nxe5 dxe5 16. Rxe5 Qc7
17. Qe2 Ng4 18. hxg4 Qxe5 19. Ne3 Rac8 20. Bd2 Qxb2 21. Rd1
Ba4 22. Re1 b5 23. Bd3 Bc3 24. Nd1 Bxd1 25. Rxd1 Bxd2 26. Rxd2
Rc1+ 27. Kh2 Qf6 28. g3 b4 29. Bc4 Qg5 30. Kg2 Rc8 31. Bb3 Qh6
32. Bd1 a5 33. f4 R1c7 34. Qa6 Rc5 35. Qa7 Qf8 36. Bb3 R8c7
37. Qa6 Qc8 38. Qe2 Qa8 39. Qd1 Rc3 40. Kh2 Qa7 41. Re2 Rc1
42. Qd2 Qg1+ 43. Kh3 R7c3 44. Rg2 Qh1+ 45. Rh2 Qf3 46. Qg2
Qxg2+ 47. Kxg2 R1c2+ 0-1

[Event "Asker SK Club Tourn Group Master"]
[Site "Asker NOR"]
[Date "2001.10.01"]
[EventDate "2001.09.03"]
[Round "7"]
[Result "1-0"]
[White "Magnus Carlsen"]
[Black "Joran Aulin-Jansson"]
[WhiteElo "2072"]
[BlackElo "2259"]
[PlyCount "55"]

1. d4 Nf6 2. c4 e6 3. Nf3 b6 4. g3 Bb7 5. Bg2 Bb4+ 6. Bd2 Be7
7. O-O O-O 8. Nc3 d6 9. Bg5 h6 10. Bxf6 Bxf6 11. Qd3 Nd7
12. Ng5 Bxg5 13. Bxb7 Rb8 14. Bg2 Bf6 15. Nb5 a6 16. Na7 Ra8
17. Nc6 Qe8 18. b4 a5 19. bxa5 bxa5 20. Rab1 Nb6 21. Rfc1 Qd7
22. c5 Nd5 23. cxd6 Qxd6 24. e4 Nb4 25. Nxb4 axb4 26. e5 Bxe5
27. Bxa8 Bxd4 28. Rd1 1-0

[Event "Nordic Junior Team Ch"]
[Site "Gausdal NOR"]
[Date "2001.10.06"]
[EventDate "2001.10.05"]
[Round "2"]
[Result "1/2-1/2"]
[White "Magnus Carlsen"]
[Black "Tomi Nyback"]
[WhiteElo "2072"]
[BlackElo "2430"]
[PlyCount "98"]

1. c4 g6 2. Nc3 Bg7 3. d4 d6 4. g3 Nd7 5. Bg2 e5 6. Nf3 Ne7
7. O-O O-O 8. e4 exd4 9. Nxd4 Nc6 10. Be3 Nde5 11. Nxc6 bxc6
12. c5 Nc4 13. Qe2 Ba6 14. Rfc1 Rb8 15. b3 Nxe3 16. Qxa6 Nxg2
17. Kxg2 Bd4 18. Rc2 Qf6 19. Rac1 dxc5 20. Qe2 Qe7 21. Na4 Rb5
22. f3 h5 23. h4 Kg7 24. f4 Qd6 25. e5 Qd5+ 26. Qf3 Rd8
27. Qxd5 cxd5 28. Kf3 c4 29. bxc4 Ra5 30. Rd1 c5 31. Nc3 Ra3
32. Rdc1 dxc4 33. Ke4 Bxc3 34. Rxc3 Rd4+ 35. Ke3 Rd3+ 36. Rxd3
Rxd3+ 37. Ke4 Rxg3 38. Rxc4 Ra3 39. f5 gxf5+ 40. Kxf5 Rxa2
41. Rxc5 a5 42. Kg5 a4 43. Ra5 a3 44. Kxh5 Ra1 45. Ra7 Kf8
46. Kh6 a2 47. h5 Ke8 48. Kh7 Rh1 49. Rxa2 Rxh5+ 1/2-1/2

[Event "Nordic Junior Team Ch"]
[Site "Gausdal NOR"]
[Date "2001.10.07"]
[EventDate "2001.10.05"]
[Round "3"]
[Result "1-0"]
[White "Amir Mohammadi"]
[Black "Magnus Carlsen"]
[WhiteElo "2123"]
[BlackElo "2072"]
[PlyCount "119"]

1. e4 e5 2. d4 exd4 3. Qxd4 Nc6 4. Qe3 Nf6 5. e5 Nd5 6. Qe4
Nb6 7. Nc3 Bb4 8. Bd2 Qe7 9. Nf3 d5 10. exd6 Bxd6 11. O-O-O a6
12. Bd3 Bd7 13. Rhe1 O-O-O 14. Nd5 Nxd5 15. Qxd5 Qf6 16. Ng5
Ne5 17. Ne4 Nxd3+ 18. Qxd3 Qg6 19. Nxd6+ Qxd6 20. Qxd6 cxd6
21. Ba5 Rde8 22. Rxd6 Rxe1+ 23. Bxe1 Bc6 24. f3 Rd8 25. Rxd8+
Kxd8 26. Kd2 Bd7 27. c4 Be6 28. Kc3 Kd7 29. a3 Kc6 30. Kd4 h5
31. Bf2 f6 32. h4 Bf5 33. Kc3 Be6 34. Kd4 Bf5 35. Kc3 Be6
36. a4 Bf5 37. b4 Be6 38. b5+ axb5 39. axb5+ Kd6 40. Kd4 Kd7
41. Kc5 Bg8 42. Bg3 Bf7 43. Kd4 Be6 44. c5 Bf7 45. Bd6 Bb3
46. Bf8 g5 47. Bg7 gxh4 48. Bxf6 Bd1 49. Bxh4 Be2 50. b6 Bf1
51. g3 Bg2 52. Ke3 Bf1 53. Kf4 Be2 54. Bf6 Bb5 55. Kg5 Ke6
56. f4 Be8 57. f5+ Kf7 58. Bd4 Ke7 59. Be5 Kd7 60. Kf6 1-0

[Event "Asker SK Club Tourn Group Master"]
[Site "Asker NOR"]
[Date "2001.10.08"]
[EventDate "2001.09.03"]
[Round "3"]
[Result "1-0"]
[White "Magnus Carlsen"]
[Black "Petter Lund"]
[WhiteElo "2072"]
[BlackElo "1443"]
[PlyCount "25"]

1. e4 d5 2. exd5 Qxd5 3. Nc3 Qd8 4. Bc4 e6 5. d4 c6 6. Nf3 Bb4
7. O-O Bxc3 8. bxc3 Nf6 9. Ne5 Nbd7 10. Qe2 Qa5 11. Nxf7 Kxf7
12. Qxe6+ Kf8 13. Qf7# 1-0

[Event "NOR Junior Team Championship"]
[Site "Baerum NOR"]
[Date "2001.10.12"]
[EventDate "2001.10.12"]
[Round "1"]
[Result "1-0"]
[White "Magnus Carlsen"]
[Black "Per Erik Fredriksen"]
[WhiteElo "2072"]
[BlackElo "971"]
[PlyCount "55"]

1. e4 c6 2. d4 d5 3. exd5 cxd5 4. c4 Nf6 5. Nc3 e6 6. Nf3 Bb4
7. Bd3 Nc6 8. O-O O-O 9. Bg5 Be7 10. a3 a6 11. c5 Ne8 12. Bxe7
Nxe7 13. b4 Nf6 14. Ne5 Nc6 15. Nxc6 bxc6 16. Qe2 Bb7 17. Rab1
Qe7 18. f4 g6 19. f5 gxf5 20. Bxf5 Kh8 21. Qe5 Kg8 22. Rf3
Rfe8 23. Bxh7+ Kxh7 24. Rxf6 Rh8 25. Qg5 Qf8 26. Rbf1 Qg7
27. Rxf7 Qxf7 28. Rxf7# 1-0

[Event "NOR Junior Team Championship"]
[Site "Baerum NOR"]
[Date "2001.10.13"]
[EventDate "2001.10.12"]
[Round "4"]
[Result "0-1"]
[White "Yi Kong Xiang"]
[Black "Magnus Carlsen"]
[WhiteElo "1018"]
[BlackElo "2072"]
[PlyCount "52"]

1. e4 c5 2. Nf3 d6 3. d4 cxd4 4. Nxd4 Nf6 5. Nc3 a6 6. Be2 e6
7. O-O Be7 8. Be3 O-O 9. h3 Qc7 10. Bd3 b5 11. a3 Bb7 12. Nf3
Nbd7 13. Re1 Rfd8 14. Rc1 Nb6 15. Nd2 Nc4 16. Nxc4 bxc4
17. Bf1 Nxe4 18. Nxe4 Bxe4 19. Qg4 d5 20. Bf4 Qb7 21. Bh6 Bg6
22. Be3 Qxb2 23. h4 Bf6 24. Bd2 Bxc2 25. h5 Bf5 26. Qd1 h6 0-1

[Event "NOR Junior Team Championship"]
[Site "Baerum NOR"]
[Date "2001.10.13"]
[EventDate "2001.10.12"]
[Round "3"]
[Result "0-1"]
[White "Magnus Carlsen"]
[Black "Tage Ronnevig Nielsen"]
[WhiteElo "2072"]
[BlackElo "1564"]
[PlyCount "76"]

1. d4 d5 2. c4 Nf6 3. cxd5 Qxd5 4. Nc3 Qa5 5. Bd2 c6 6. e4 Qb6
7. e5 Nd5 8. Nf3 Bg4 9. Nxd5 cxd5 10. Bc3 Nc6 11. h3 Bxf3
12. Qxf3 e6 13. a3 a6 14. Qe3 Rc8 15. Bd3 Na5 16. Rc1 Nc4
17. Qe2 g6 18. O-O Bh6 19. f4 O-O 20. Kh1 f5 21. Bb4 Rfe8
22. Bc5 Qb5 23. Bb4 a5 24. b3 axb4 25. bxc4 dxc4 26. Bxc4 Qb6
27. axb4 Rcd8 28. Bb5 Re7 29. Rcd1 Kf7 30. g3 Rd5 31. Bc4 Rxd4
32. Rxd4 Qxd4 33. Rd1 Qc3 34. Kg2 Rc7 35. Ba2 Qxb4 36. Rd6 Re7
37. Bxe6+ Kg7 38. Bd5 Qxd6 0-1

[Event "NOR Junior Team Championship"]
[Site "Baerum NOR"]
[Date "2001.10.13"]
[EventDate "2001.10.12"]
[Round "2"]
[Result "1/2-1/2"]
[White "Harald Borchgrevink"]
[Black "Magnus Carlsen"]
[WhiteElo "2147"]
[BlackElo "2072"]
[PlyCount "53"]

1. d4 Nf6 2. c4 e6 3. g3 d5 4. Bg2 dxc4 5. Nf3 c5 6. Qa4+ Bd7
7. Qxc4 Nc6 8. O-O cxd4 9. Nxd4 Rc8 10. Nc3 Nxd4 11. Qxd4 Bc5
12. Qe5 Qb6 13. Ne4 Nxe4 14. Bxe4 Bd4 15. Qh5 Bc6 16. Qf3 O-O
17. Bf4 Qxb2 18. Rab1 Qc3 19. Bxc6 bxc6 20. Qxc3 Bxc3 21. Be3
a5 22. Rfc1 Bf6 23. Rb6 h6 24. Rbxc6 Rxc6 25. Rxc6 Rb8 26. Rc5
a4 27. Ra5 1/2-1/2

[Event "NOR Junior Team Championship"]
[Site "Baerum NOR"]
[Date "2001.10.14"]
[EventDate "2001.10.12"]
[Round "5"]
[Result "1/2-1/2"]
[White "Stefan Randjelovic"]
[Black "Magnus Carlsen"]
[WhiteElo "1057"]
[BlackElo "2072"]
[PlyCount "55"]

1. c4 Nf6 2. Nc3 g6 3. d4 Bg7 4. e4 d6 5. f3 O-O 6. Bg5 c5
7. d5 Nbd7 8. Qd2 Re8 9. Nh3 Rb8 10. Be2 a6 11. a4 Qc7 12. O-O
Nf8 13. Nf2 e6 14. a5 b6 15. axb6 Qxb6 16. Rab1 N6d7 17. Be3
Qc7 18. Ng4 Nf6 19. Nxf6+ Bxf6 20. dxe6 Bxe6 21. Nd5 Bxd5
22. cxd5 Rb4 23. Rfc1 Qb7 24. Rc2 Nd7 25. Ra1 Ra8 26. Ra2 a5
27. Kf1 Qb6 28. g3 1/2-1/2

[Event "NOR Junior Team Championship"]
[Site "Baerum NOR"]
[Date "2001.10.14"]
[EventDate "2001.10.12"]
[Round "6"]
[Result "1-0"]
[White "Magnus Carlsen"]
[Black "Henrik G Arnesen"]
[WhiteElo "2072"]
[BlackElo "1343"]
[PlyCount "55"]

1. e4 d5 2. exd5 Qxd5 3. Nc3 Qd8 4. Bc4 Nf6 5. d4 c6 6. Nf3
Bg4 7. Bxf7+ Kxf7 8. Ne5+ Ke8 9. Nxg4 Nbd7 10. Nxf6+ Nxf6
11. O-O g6 12. Re1 Bg7 13. Bg5 Kf7 14. Qe2 Re8 15. Qc4+ Kf8
16. Rad1 Qd6 17. Re6 Qd7 18. Bxf6 exf6 19. Rxe8+ Rxe8 20. h3
f5 21. d5 cxd5 22. Nxd5 Bxb2 23. Qb4+ Kf7 24. Qxb2 Qc6 25. c4
b6 26. Qb5 Qxb5 27. cxb5 Rd8 28. Ne3 1-0

[Event "V Offene Bayerische Meisterschaft"]
[Site "Bad Wiessee GER"]
[Date "2001.10.28"]
[EventDate "2001.10.27"]
[Round "2"]
[Result "1-0"]
[White "Magnus Carlsen"]
[Black "Werner Schoenegg"]
[WhiteElo "2072"]
[BlackElo "1768"]
[PlyCount "85"]

1. e4 d6 2. d4 g6 3. c4 Bg7 4. Nc3 Nf6 5. f3 Nbd7 6. Be3 c6
7. Nge2 O-O 8. Qd2 e5 9. d5 c5 10. g4 Nb6 11. Ng3 Ne8 12. Bd3
Qf6 13. Be2 Qe7 14. h4 f6 15. h5 g5 16. O-O h6 17. Nf5 Bxf5
18. exf5 Bh8 19. Ne4 Ng7 20. b4 Nd7 21. bxc5 dxc5 22. d6 Qe8
23. Nxc5 Nxc5 24. Bxc5 Qd7 25. Qd5+ Kh7 26. Bf2 b6 27. c5 bxc5
28. Bxc5 Nxh5 29. gxh5 Rad8 30. Rab1 Bg7 31. Bb5 Qc8 32. d7
Qc7 33. Bxf8 Bxf8 34. Bc6 e4 35. f4 gxf4 36. Rb7 Qe5 37. Qxe5
fxe5 38. Bxe4 Kg7 39. Rc1 Kf6 40. Rc8 Be7 41. Rxd8 Bxd8
42. Rb8 Bb6+ 43. Rxb6+ 1-0

[Event "V Offene Bayerische Meisterschaft"]
[Site "Bad Wiessee GER"]
[Date "2001.10.30"]
[EventDate "2001.10.27"]
[Round "4"]
[Result "1-0"]
[White "Magnus Carlsen"]
[Black "Heinrich Horther"]
[WhiteElo "2072"]
[BlackElo "2347"]
[PlyCount "73"]

1. e4 e6 2. d4 d5 3. Nd2 c5 4. exd5 Qxd5 5. Ngf3 cxd4 6. Bc4
Qd8 7. O-O a6 8. Nb3 Nc6 9. Nbxd4 Nxd4 10. Nxd4 Qc7 11. Bb3
Bd7 12. Qf3 Nf6 13. Bf4 Qb6 14. c3 Bc5 15. Be5 Be7 16. Bc2
O-O-O 17. Rfd1 h5 18. h3 Rh6 19. Bf4 Rhh8 20. Bh2 Bc6 21. Nxc6
Qxc6 22. Qg3 Nd7 23. Ba4 b5 24. Bb3 Bf6 25. Rd6 Qb7 26. Qe3
Be7 27. Rdd1 Nf6 28. c4 Rxd1+ 29. Rxd1 Rd8 30. Rc1 b4 31. Ba4
Ne4 32. c5 Qd5 33. Qf4 e5 34. Qf5+ Kb8 35. Bb3 Qd2 36. Bxe5+
Ka7 37. Rd1 1-0

[Event "V Offene Bayerische Meisterschaft"]
[Site "Bad Wiessee GER"]
[Date "2001.11.01"]
[EventDate "2001.10.27"]
[Round "6"]
[Result "0-1"]
[White "Walter Daurer"]
[Black "Magnus Carlsen"]
[WhiteElo "2260"]
[BlackElo "2072"]
[PlyCount "124"]

1. e4 c5 2. Nf3 Nc6 3. d4 cxd4 4. Nxd4 Nf6 5. Nc3 d6 6. Be3
Ng4 7. Bb5 Qd7 8. Bg5 a6 9. Ba4 Nf6 10. f3 e6 11. Qd2 Be7
12. O-O-O Qc7 13. Kb1 Bd7 14. h4 b5 15. Bb3 Ne5 16. h5 h6
17. Bh4 Nc4 18. Bxc4 bxc4 19. Ka1 Rb8 20. g4 Qc5 21. Bf2 Qb4
22. Rb1 Qa5 23. Rhd1 Qc7 24. Bg3 Rd8 25. Rf1 O-O 26. Rbd1 Qc5
27. Bf2 Qc7 28. Be3 Rfe8 29. Qh2 Qa5 30. Qd2 Qc7 31. Rh1 e5
32. Nf5 Bxf5 33. gxf5 Bf8 34. Rhg1 Kh7 35. Bf2 d5 36. exd5 Bb4
37. Bh4 Bxc3 38. Bxf6 Bxb2+ 39. Kxb2 gxf6 40. c3 Qa5 41. d6
Rb8+ 42. Ka1 Red8 43. Qc2 Qb6 44. d7 Rxd7 45. Rc1 Rdd8 46. Rg4
Qe3 47. Re4 Qd3 48. Qxd3 Rxd3 49. Rxc4 Rxf3 50. Rc7 Kg7
51. Ra7 Rxf5 52. Rxa6 Rxh5 53. c4 e4 54. c5 Rb5 55. Ra4 Rbxc5
56. Rxc5 Rxc5 57. Rxe4 f5 58. Rf4 Kf6 59. Kb2 Kg5 60. Rf1 f4
61. Kb3 Kg4 62. Kb4 Rc8 0-1

[Event "Ostlandserien 01/02 div. 1, Asker - ASKO I"]
[Site "Asker NOR"]
[Date "2001.11.10"]
[EventDate "?"]
[Round "2"]
[Result "1-0"]
[White "Karl Johan Ribbegren"]
[Black "Magnus Carlsen"]
[WhiteElo "2126"]
[BlackElo "1907"]
[PlyCount "55"]

1. d4 Nf6 2. c4 e6 3. Nc3 Bb4 4. Bg5 O-O 5. e3 b6 6. Qf3 Nc6
7. Bd3 Bb7 8. Qh3 h6 9. Bh4 Be7 10. f4 d5 11. cxd5 Nxd5
12. Bxe7 Qxe7 13. Nge2 Ncb4 14. Bb1 c5 15. O-O Nxc3 16. bxc3
Nc6 17. Bd3 cxd4 18. exd4 Na5 19. Rae1 f5 20. g4 fxg4 21. Qxg4
Bd5 22. Qg6 Rf6 23. Qh7+ Kf7 24. f5 Qf8 25. Nf4 Bxa2 26. fxe6+
Ke8 27. e7 Qg8 28. Bb5+ 1-0

[Event "Asker SK Club Tourn Group Master"]
[Site "Asker NOR"]
[Date "2001.11.12"]
[EventDate "2001.09.03"]
[Round "6"]
[Result "0-1"]
[White "Thor Johansen"]
[Black "Magnus Carlsen"]
[WhiteElo "1846"]
[BlackElo "2072"]
[PlyCount "70"]

1. d4 Nf6 2. c4 e6 3. Nc3 Bb4 4. Qc2 O-O 5. Nf3 c5 6. dxc5
Bxc5 7. Bg5 Be7 8. e3 a6 9. Be2 b6 10. O-O Bb7 11. Rfd1 Qc7
12. Bf4 d6 13. h3 Nbd7 14. Qd2 Ne8 15. Rac1 Rd8 16. Ng5 e5
17. Nd5 Bxd5 18. cxd5 Qa7 19. Bg4 exf4 20. exf4 Nef6 21. Bxd7
Qxd7 22. Rc6 h6 23. Nf3 Rc8 24. Rdc1 Rfe8 25. Qd3 b5 26. R1c3
Bf8 27. b4 Ra8 28. Rc7 Qd8 29. Nd2 a5 30. Qxb5 axb4 31. Rc2
Rxa2 32. Rxa2 Qxc7 33. Qxb4 Nxd5 34. Qd4 Nc3 35. Rc2 Ne2+ 0-1

[Event "Asker SK Club Tourn Group Master"]
[Site "Asker NOR"]
[Date "2001.11.19"]
[EventDate "2001.09.03"]
[Round "8"]
[Result "1-0"]
[White "Oyvind Bentsen"]
[Black "Magnus Carlsen"]
[WhiteElo "1923"]
[BlackElo "2072"]
[PlyCount "127"]

1. e4 c5 2. Nf3 Nc6 3. d4 cxd4 4. Nxd4 Nf6 5. Nc3 d6 6. f3 Qb6
7. Nb3 e6 8. Bd3 Be7 9. Qe2 O-O 10. g4 Qc7 11. Bf4 e5 12. Be3
Be6 13. h4 a5 14. h5 a4 15. Nd2 a3 16. b3 Nb4 17. Nc4 Nxd3+
18. cxd3 d5 19. exd5 Nxd5 20. Nxd5 Bxd5 21. Rc1 Rae8 22. O-O
Qb8 23. Nb6 Be6 24. h6 g6 25. Bc5 f6 26. d4 Bxc5 27. dxc5 Qc7
28. b4 Rd8 29. Rcd1 Qf7 30. Rd2 Rxd2 31. Qxd2 f5 32. g5 f4
33. Rf2 Qf5 34. Rg2 Rf7 35. Qd8+ Rf8 36. Qc7 Qf7 37. Qxe5 Rd8
38. b5 Bxa2 39. c6 bxc6 40. bxc6 Be6 41. c7 Re8 42. Qc3 Qe7
43. Nd5 Bxd5 44. c8=Q Rxc8 45. Qxc8+ Kf7 46. Kh2 a2 47. Qc3
Qe3 48. Qf6+ Ke8 49. Qh8+ Ke7 50. Qxh7+ Kd8 51. Qh8+ Kd7
52. Qg7+ Kd6 53. Qxg6+ Kd7 54. Qg7+ Kd6 55. Qf6+ Kd7 56. h7
Qxf3 57. Qf5+ Kc7 58. Qe5+ Kb6 59. Qb2+ Kc6 60. h8=Q a1=Q
61. Rc2+ Kd7 62. Qhg7+ Kd6 63. Qb8+ Ke6 64. Qc8+ 1-0

[Event "Norwegian Youth Ch Group D"]
[Site "Randaberg NOR"]
[Date "2001.11.23"]
[EventDate "2001.11.23"]
[Round "2"]
[Result "0-1"]
[White "Atle Boyum Fossum"]
[Black "Magnus Carlsen"]
[WhiteElo "1386"]
[BlackElo "2072"]
[PlyCount "50"]

1. c4 Nf6 2. g3 c5 3. Bg2 Nc6 4. Nc3 g6 5. Nf3 Bg7 6. e3 O-O
7. O-O d5 8. cxd5 Nxd5 9. d4 Bg4 10. Qb3 Nxc3 11. bxc3 Na5
12. Qb5 cxd4 13. cxd4 Bd7 14. Qd3 Bf5 15. Qb5 a6 16. Qb4 Be4
17. Ba3 Nc6 18. Qc5 Rc8 19. Nd2 Nxd4 20. Qxe7 Ne2+ 21. Kh1
Bxg2+ 22. Kxg2 Qxd2 23. Rfd1 Qc2 24. Rab1 Qc6+ 25. Kf1 Nc3 0-1

[Event "Norwegian Youth Ch Group D"]
[Site "Randaberg NOR"]
[Date "2001.11.24"]
[EventDate "2001.11.23"]
[Round "3"]
[Result "1-0"]
[White "Magnus Carlsen"]
[Black "Magnus Kvinge Tande"]
[WhiteElo "2072"]
[BlackElo "500"]
[PlyCount "51"]

1. Nf3 d5 2. d4 Nc6 3. c4 e6 4. Nc3 Nge7 5. Bg5 b6 6. Rc1 Bb7
7. e3 h6 8. Bh4 g5 9. Bg3 Qd7 10. cxd5 exd5 11. Ne5 Nxe5
12. Bxe5 Rg8 13. Nb5 Nc6 14. Nxc7+ Kd8 15. a3 Nxe5 16. dxe5
Rc8 17. Nb5 a6 18. Rxc8+ Kxc8 19. Nd4 Bg7 20. Be2 Kb8 21. f4
Rc8 22. Bg4 Qc7 23. Bxc8 Qxc8 24. O-O b5 25. Qc2 Qg4 26. Qf5
1-0